Instrumentos musicales del folclor costarricense (Registro nro. 13193)
[ vista simple ]
| 000 -Cabecera | |
|---|---|
| Campo de control de longitud fija | 00607nam a22002297a 4500 |
| 005 - Fecha y hora de la última transacción | |
| Campo de control | 20240710095028.0 |
| 008 - Elementos de longitud fija--Información general | |
| Campo de control de longitud fija | 211202b xxu||||| |||| 00| 0 spa d |
| 020 ## - International Standard Book Number | |
| Número Internacional Estándar del Libro (ISBN) | 9977660506 |
| 041 ## - Idioma | |
| Código de idioma | Español |
| 082 ## - Clasificación Decimal Dewey | |
| Número de clasificación | 784.19 S161i |
| 100 ## - Entrada principal--Autor personal | |
| Nombre personal | Salazar Salvatierra, Rodrigo |
| 9 (RLIN) | 21803 |
| 245 ## - Título propiamente dicho | |
| Título | Instrumentos musicales del folclor costarricense |
| 260 ## - Pie de imprenta | |
| Lugar de publicación, distribución, etc. | Costa Rica |
| 260 ## - Pie de imprenta | |
| Nombre del editor, distribuidor, etc. | Editorial Tecnológica de Costa Rica |
| 260 ## - Pie de imprenta | |
| Lugar de publicación, distribución, etc. | 1992 |
| 300 ## - Descripción física | |
| Extensión | 230 páginas |
| 650 ## - Materia general | |
| Temática (materia general) | INSTRUMENTOS MUSICALES |
| 650 ## - Materia general | |
| Temática (materia general) | FOLCLOR COSTARRICENSE |
| 650 ## - Materia general | |
| Temática (materia general) | COSTA RICA |
| 942 ## - Punto de acceso adicional KOHA | |
| Tipo de ítem KOHA | Libro |
| Fuente del sistema de clasificación o colocación | Dewey Decimal Classification |
| Signatura completa | Código de barras | Programa Académico | Tipo de ítem |
|---|---|---|---|
| 784.19 S161i | 2390 | Turismo | Libro |
| 784.19 S161i | 3712 | Turismo | Libro |